| 000 -LEADER | |
|---|---|
| fixed length control field | 00524nam a22001817a 4500 |
| 005 - DATE AND TIME OF LATEST TRANSACTION | |
| control field | 20251204145354.0 |
| 008 - FIXED-LENGTH DATA ELEMENTS--GENERAL INFORMATION | |
| fixed length control field | 240831b |||||||| |||| 00| 0 eng d |
| 020 ## - INTERNATIONAL STANDARD BOOK NUMBER | |
| ISBN | 978-93-5466-473-1 |
| 041 ## - LANGUAGE CODE | |
| Language code of text/sound track or separate title | eng |
| 082 ## - DEWEY DECIMAL CLASSIFICATION NUMBER | |
| Classification number | 611 CHA-H |
| 100 ## - MAIN ENTRY--AUTHOR NAME | |
| Personal name | CHAURASIA B.D |
| 245 ## - TITLE STATEMENT | |
| Title | HUMAN ANATOMY REGIONAL AND APPLIED - DISSECTION AND CLINICAL [UPER LIMB THORAX] VOL-1 |
| 250 ## - EDITION STATEMENT | |
| Edition statement | 9TH ED. 2023 |
| 260 ## - PUBLICATION, DISTRIBUTION, ETC. (IMPRINT) | |
| Place of publication | NEW DELHI |
| Name of publisher | CBS PUBLISHERS & DISTRIBUTERS |
| 300 ## - PHYSICAL DESCRIPTION | |
| Number of Pages | 362;P |
| 650 ## - SUBJECT ADDED ENTRY--TOPICAL TERM | |
| Topical Term | PARAMEDICAL |
| General subdivision | BMLT/BMIRT |
| 942 ## - ADDED ENTRY ELEMENTS (KOHA) | |
| Koha item type | Books |
| Lost status | Damaged status | Collection code | Home library | Current library | Shelving location | Date acquired | Source of acquisition | Cost, normal purchase price | Serial Enumeration / chronology | Full call number | Accession Number | Koha item type |
|---|---|---|---|---|---|---|---|---|---|---|---|---|
| Bachelor of Medical Laboratory Technology | JRU Library | JRU Library | SHELF-72-A | 30/08/2024 | PURCHASE | 995.00 | NEW ARRIVALS SHELF | 611 | 28369 | Books | ||
| Bachelor of Medical Laboratory Technology | JRU Library | JRU Library | SHELF-105-A | 30/08/2024 | PURCHASE | 995.00 | 611 | 28370 | Books | |||
| Bachelor of Medical Laboratory Technology | JRU Library | JRU Library | SHELF-105-A | 01/12/2025 | PURCHASE | 3240.00 | LBI-000811/28-11-2025 | 611-CHA | 29162 | Books | ||
| Bachelor of Medical Laboratory Technology | JRU Library | JRU Library | SHELF-105-A | 01/12/2025 | PURCHASE | 3240.00 | LBI-000811/28-11-2025 | 611-CHA | 29163 | Books | ||
| Bachelor of Medical Laboratory Technology | JRU Library | JRU Library | SHELF-105-A | 01/12/2025 | PURCHASE | 3240.00 | LBI-000811/28-11-2025 | 611-CHA | 29164 | Books | ||
| Bachelor of Medical Laboratory Technology | JRU Library | JRU Library | SHELF-105-A | 01/12/2025 | PURCHASE | 3240.00 | LBI-000811/28-11-2025 | 611-CHA | 29165 | Books | ||
| Bachelor of Medical Laboratory Technology | JRU Library | JRU Library | SHELF-105-A | 01/12/2025 | PURCHASE | 3240.00 | LBI-000811/28-11-2025 | 611-CHA | 29166 | Books |